LEADER 01674oam 2200469zu 450 001 996217756403316 005 20210807003606.0 035 $a(CKB)111026746747560 035 $a(SSID)ssj0000396576 035 $a(PQKBManifestationID)12155104 035 $a(PQKBTitleCode)TC0000396576 035 $a(PQKBWorkID)10342659 035 $a(PQKB)11027873 035 $a(EXLCZ)99111026746747560 100 $a20160829d1998 uy 101 0 $aeng 181 $ctxt 182 $cc 183 $acr 200 10$aFifth International Workshop on Temporal Representation and Reasoning : proceedings : Sanibel Island, Florida, May 16-17, 1998 210 31$a[Place of publication not identified]$cIEEE Computer Society$d1998 300 $aBibliographic Level Mode of Issuance: Monograph 311 $a0-8186-8473-9 606 $aTemporal databases$xCongresses 606 $aArtificial intelligence$xCongresses 606 $aReasoning$xCongresses 606 $aComputer Science$2HILCC 606 $aEngineering & Applied Sciences$2HILCC 615 0$aTemporal databases$xCongresses 615 0$aArtificial intelligence$xCongresses 615 0$aReasoning$xCongresses 615 7$aComputer Science 615 7$aEngineering & Applied Sciences 676 $a006.3/33 702 $aKhatib$b Lina 702 $aMorris$b Robert 712 12$aInternational Workshop on Temporal Representation and Reasoning 801 0$bPQKB 906 $aPROCEEDING 912 $a996217756403316 996 $aFifth International Workshop on Temporal Representation and Reasoning : proceedings : Sanibel Island, Florida, May 16-17, 1998$92375918 997 $aUNISA LEADER 03806nam 2200685 450 001 9910822172703321 005 20230807210859.0 010 $a1-5015-0083-X 010 $a1-61451-229-9 024 7 $a10.1515/9781614512295 035 $a(CKB)3360000000514960 035 $a(EBL)1046680 035 $a(SSID)ssj0001560520 035 $a(PQKBManifestationID)16193450 035 $a(PQKBTitleCode)TC0001560520 035 $a(PQKBWorkID)14825153 035 $a(PQKB)10176049 035 $a(MiAaPQ)EBC1046680 035 $a(DE-B1597)179087 035 $a(OCoLC)917873548 035 $a(OCoLC)952798986 035 $a(DE-B1597)9781614512295 035 $a(Au-PeEL)EBL1046680 035 $a(CaPaEBR)ebr11072705 035 $a(CaONFJC)MIL807958 035 $a(OCoLC)913088227 035 $a(EXLCZ)993360000000514960 100 $a20150716h20152015 uy 0 101 0 $aeng 135 $aurun#---|u||u 181 $ctxt 182 $cc 183 $acr 200 10$aDescriptive grammar of Bangla /$fAnne Boyle David ; edited by Thomas J. Conners, Dustin A. Chaco?n 210 1$aBerlin, [Germany] :$cDe Gruyter Mouton,$d2015. 210 4$d©2015 215 $a1 online resource (354 p.) 225 1 $aMouton-CASL Grammar Series ;$vVolume 2 300 $aDescription based upon print version of record. 311 0 $a1-61451-302-3 320 $aIncludes bibliographical references and index. 327 $tFront matter --$tForeword --$tSeries Editors' Preface --$tPreface --$tContents --$tList of Figures. List of Tables --$t1 About this Grammar --$t2 The Bangla Language --$t3 Phonology and Orthography --$t4 Bangla as a South Asian Language --$t5 Nouns --$t6 Pronouns and Other Pro-forms --$t7 Noun Modifiers --$t8 Other Word Classes and Processes --$t9 Verbs --$t10 Syntax /$rConners, Thomas J. / Chacón, Dustin A. --$tReferences Cited --$tA The Digital Grammar /$rMaxwell, Michael / Conners, Thomas / Boyle David, Anne --$tB Unicode Representation --$tIndex 330 $aBangla is spoken as the majority language in Bangladesh and the state of West Bengal in India, and as a minority language in several other Indian states. With almost 200 million native speakers, it ranks among the top ten languages in the world in number of speakers. Based on both primary and secondary materials, the CASL Bangla grammar provides comprehensive coverage of the phonology, orthography, morphology, and syntax of Bangla. Plentiful examples of naturally-occurring sentences provide native orthography, Romanization, and morpheme-by-morpheme glossing along with free translations. Unlike many Romanizations of Bangla, our system eschews Sanskritic influence and instead reflects actual Bangla phonology. We also offer comparative information of use to linguists, highlighting features of Bangla shared with the South Asian sprachbund, such as light verb constructions, as well as those that differentiate Bangla from its Indo-Aryan relatives; for example, its unique NP structure. Written in an accessible style from a theory-neutral perspective, this work will be of use to linguistic researchers, language scholars, and students of Bangla. A formal grammar focusing on the morphology is an available companion work. 410 0$aMouton-CASL grammar series ;$vVolume 2. 606 $aBengali language$xGrammar 610 $aBangla. 610 $aBengali. 610 $aIndo-Aryan Languages. 615 0$aBengali language$xGrammar. 676 $a491.445 700 $aDavid$b Anne Boyle$01720212 702 $aConners$b Thomas J. 702 $aChaco?n$b Dustin A. 801 0$bMiAaPQ 801 1$bMiAaPQ 801 2$bMiAaPQ 906 $aBOOK 912 $a9910822172703321 996 $aDescriptive grammar of Bangla$94118678 997 $aUNINA